[Event "AUTO-OPEN-1220"]
[Site "http://www.queenalice.com/game.php?id=444193"]
[Date "2008.8.5"]
[Round "1"]
[White "Caulaincourt"]
[Black "MONTENEGRO"]
[Result "1-0"]
[WhiteElo "1984"]
[BlackElo "1553"]

1. d4 d5 2. c4 e6 3. Nc3 Nf6 4. Bg5 Be7 5. e3 Nc6 6. Nf3 h6 7. Bh4 O-O 8. Bd3
Nb4 9. Be2 c6 10. a3 Na6 11. O-O Bd7 12. Qb3 Rb8 13. Bg3 Qb6 14. Qxb6 axb6 15.
Bxb8 Rxb8 16. Ne5 Bc8 17. cxd5 cxd5 18. Rac1 Ne4 19. Nxe4 dxe4 20. Bxa6 bxa6 21.
Nc6 Rb7 22. Nxe7+ Rxe7 23. Rxc8+ Kh7 24. Rc6 Rb7 25. Rfc1 a5 26. Rc7 Rb8 27.
Rxf7 b5 28. Rcc7 Rg8 29. h3 Kg6 30. Kh2 h5 31. Kg3 Kh6 32. Kf4 e5+ 33. dxe5 g5+
34. Kf5 Rh8 35. Rc6# 1-0

[Event "AUTO-OPEN-1220"]
[Site "http://www.queenalice.com/game.php?id=444194"]
[Date "2008.8.5"]
[Round "1"]
[White "MONTENEGRO"]
[Black "Caulaincourt"]
[Result "1-0"]
[WhiteElo "1563"]
[BlackElo "1596"]

1. e4 e5 2. Nf3 Nf6 3. Nc3 Nc6 4. Bc4 Bc5 5. Ng5 O-O 6. h3 h6 7. Nxf7 Rxf7 8.
Bxf7+ Kxf7 9. Nd5 Nxe4 10. Qf3+ Nf6 11. Nxf6 Qxf6 12. Qxf6+ Kxf6 13. d3 Nd4 14.
O-O Nxc2 15. Rb1 Nb4 16. Rd1 Nxa2 17. Be3 Bxe3 18. fxe3 d6 19. Ra1 Be6 20. Rdb1
Nb4 21. Rf1+ Ke7 22. Rad1 Rf8 23. Rfe1 c5 24. Re2 g5 25. Rf2 Rxf2 26. Kxf2 h5
27. Ke2 g4 28. Kd2 gxh3 29. gxh3 Bxh3 30. Ra1 a6 31. Rh1 Bg4 32. d4 c4 33. dxe5
dxe5 34. Kc3 1-0

[Event "AUTO-OPEN-1220"]
[Site "http://www.queenalice.com/game.php?id=444196"]
[Date "2008.8.5"]
[Round "1"]
[White "SGF"]
[Black "Caulaincourt"]
[Result "0-1"]
[WhiteElo "1754"]
[BlackElo "1500"]

1. e4 e5 2. Qh5 Nc6 3. Bc4 g6 4. Qf3 Nf6 5. d3 d6 6. Bg5 Be7 7. h4 h6 8. Bxf6
Bxf6 9. c3 Qe7 10. g4 Bxh4 11. Rxh4 Qxh4 12. Qxf7+ Kd8 13. Qg7 Re8 14. Bf7 Qxg4
15. Bxe8 Qxg1+ 16. Ke2 Bg4+ 17. f3 Qg2+ 18. Ke1 Qxf3 19. Kd2 Qe2+ 20. Kc1 Qd1#
0-1

[Event "Challenge"]
[Site "http://www.queenalice.com/game.php?id=444661"]
[Date "2008.8.6"]
[Round "-"]
[White "Viceroy"]
[Black "Caulaincourt"]
[Result "1-0"]
[WhiteElo "1755"]
[BlackElo "1610"]

1. d4 d5 2. c4 e6 3. Nc3 Nf6 4. cxd5 exd5 5. Bg5 Be7 6. e3 c6 7. Bd3 Nbd7 8. Qc2
O-O 9. Nge2 Re8 10. O-O Nf8 11. f3 Ng6 12. Bxf6 Bxf6 13. b4 Qe7 14. e4 dxe4 15.
Nxe4 Bg5 16. f4 1-0

[Event "AUTO-OPEN-1221"]
[Site "http://www.queenalice.com/game.php?id=444674"]
[Date "2008.8.6"]
[Round "1"]
[White "TessaroT"]
[Black "Caulaincourt"]
[Result "1-0"]
[WhiteElo "1719"]
[BlackElo "1634"]

1. e4 e5 2. Nf3 Nf6 3. Nxe5 d6 4. Nf3 Nxe4 5. Nc3 Nxc3 6. dxc3 Be7 7. Bc4 Nc6 8.
Qe2 O-O 9. O-O Bg4 10. Qe4 Bxf3 11. Qxf3 Ne5 12. Qe2 Nxc4 13. Qxc4 d5 14. Qg4
Qc8 15. Qg3 1-0

[Event "AUTO-OPEN-1221"]
[Site "http://www.queenalice.com/game.php?id=444675"]
[Date "2008.8.6"]
[Round "1"]
[White "Caulaincourt"]
[Black "TessaroT"]
[Result "0-1"]
[WhiteElo "1984"]
[BlackElo "1675"]

1. e4 c5 2. Nf3 d6 3. d4 cxd4 4. Nxd4 Nf6 5. Nc3 a6 6. Bg5 e6 7. f4 h6 8. Bh4
Be7 9. Qf3 Nc6 10. O-O-O Bd7 0-1

[Event "AUTO-OPEN-1221"]
[Site "http://www.queenalice.com/game.php?id=444702"]
[Date "2008.8.6"]
[Round "1"]
[White "dida"]
[Black "Caulaincourt"]
[Result "0-1"]
[WhiteElo "1361"]
[BlackElo "1914"]

1. e4 e5 2. Nf3 Nf6 3. d3 Nc6 4. h3 d6 5. c3 Be7 6. Be3 O-O 7. Nbd2 Ne8 8. h4 f5
9. Ng5 f4 10. Nxh7 Kxh7 11. Qh5+ Kg8 0-1

[Event "AUTO-OPEN-1221"]
[Site "http://www.queenalice.com/game.php?id=444703"]
[Date "2008.8.6"]
[Round "1"]
[White "Caulaincourt"]
[Black "dida"]
[Result "1-0"]
[WhiteElo "1914"]
[BlackElo "1361"]

1. e4 e5 2. Nf3 f6 3. d4 exd4 4. Nxd4 Qe7 5. Nc3 c6 6. Be2 Qc5 7. Be3 Qe5 8. O-O
Bd6 9. Nf3 Qe6 10. Qd2 b5 11. Rfd1 Ba6 12. Qxd6 1-0

[Event "AUTO-OPEN-1221"]
[Site "http://www.queenalice.com/game.php?id=444721"]
[Date "2008.8.6"]
[Round "1"]
[White "Caulaincourt"]
[Black "daddyrat"]
[Result "0-1"]
[WhiteElo "1786"]
[BlackElo "1417"]

1. d4 d5 2. c4 e5 3. dxe5 d4 4. Nf3 Nc6 5. Nbd2 Be6 6. g3 f6 7. exf6 Nxf6 8. Bg2
Bc5 9. O-O Qe7 10. b3 O-O-O 11. Bb2 Bd5 12. cxd5 Rxd5 0-1

[Event "Challenge"]
[Site "http://www.queenalice.com/game.php?id=454494"]
[Date "2008.8.27"]
[Round "-"]
[White "Kuroi"]
[Black "Caulaincourt"]
[Result "0-1"]
[WhiteElo "1687"]
[BlackElo "1827"]

1. e4 e5 2. Nf3 Nf6 3. Nc3 Nc6 4. Bc4 Bc5 5. Ng5 O-O 6. d3 h6 7. Nh3 d6 8. Bxh6
gxh6 9. f3 Na5 10. g4 Nxc4 11. dxc4 Nxg4 12. fxg4 Qh4+ 13. Kd2 Qxh3 14. Nd5 c6
15. Nf6+ Kh8 16. Kc1 Qh4 17. Qf1 Qf2 18. Qxf2 Bxf2 19. b3 Bh4 20. Rf1 Kg7 21.
Nh5+ Kg6 22. h3 f5 23. exf5+ Bxf5 24. Rg1 Be6 25. Kb2 Rf3 26. Rh1 Raf8 27. Rad1
d5 28. Rd3 Rxd3 29. cxd3 Rf2+ 30. Kc1 Rxa2 31. Re1 Bxe1 32. d4 exd4 33. Nf4+ Kf7
34. g5 hxg5 35. Nd3 Bc3 36. Ne5+ Ke8 37. Nf3 Bxh3 38. Nxg5 Ra1+ 39. Kc2 Bf5+ 40.
Ne4 Bxe4# 0-1